Aquaculture development in less developed countire (Record no. 502172)

MARC details
000 -LEADER
fixed length control field 00844nam a2200253Ia 4500
003 - CONTROL NUMBER IDENTIFIER
control field OSt
005 - DATE AND TIME OF LATEST TRANSACTION
control field 20220925182417.0
008 - FIXED-LENGTH DATA ELEMENTS--GENERAL INFORMATION
fixed length control field 220923b |||||||| |||| 00| 0 eng d
037 ## - SOURCE OF ACQUISITION
Terms of availability General Book
040 ## - CATALOGING SOURCE
Original cataloging agency RTL
Transcribing agency RTL
Language of cataloging eng
041 ## - LANGUAGE CODE
Source of code eng
Language code of text/sound track or separate title eng
100 ## - MAIN ENTRY--PERSONAL NAME
Personal name Smith Leah J Ed.
9 (RLIN) 256299
245 #0 - TITLE STATEMENT
Title Aquaculture development in less developed countire
260 ## - PUBLICATION, DISTRIBUTION, ETC.
Place of publication, distribution, etc. Colorado
Name of publisher, distributor, etc. Westview Press
Date of publication, distribution, etc. 1982
300 ## - PHYSICAL DESCRIPTION
Extent 152p. Bib chapterwise
Dimensions cm.
490 ## - SERIES STATEMENT
Series statement Westview special studies in agriculture / aquaculture science and policy
650 ## - SUBJECT ADDED ENTRY--TOPICAL TERM
Topical term or geographic name entry element Animal Husbandary
9 (RLIN) 241026
700 ## - ADDED ENTRY--PERSONAL NAME
Personal name Peterson Susan Ed.
9 (RLIN) 256300
942 ## - ADDED ENTRY ELEMENTS (KOHA)
Classification part X9(KZ332).1(X).N7, M2
Koha item type General Books
Source of classification or shelving scheme Colon Classification (CC)
Holdings
Withdrawn status Lost status Damaged status Not for loan Home library Current library Date acquired Total Checkouts Full call number Barcode Date last seen Price effective from Koha item type
        Ratan Tata Library Ratan Tata Library 2022-09-25   X9(KZ332).1(X).N7 M2 RT0803115 2022-09-25 2022-09-25 General Books
Copyright @ Delhi University Library System